Statistics for FIFA World Cup Host Countries

Click here to take the quiz!

General Stats

  • This quiz has been taken 45 times
  • The average score is 21 of 25

Answer Stats

YearCountry% Correct
2014Brazil
100%
1950Brazil
100%
1938France
100%
1998France
100%
2006Germany
100%
1990Italy
100%
1934Italy
100%
1986Mexico
100%
1970Mexico
100%
2018Russia
100%
2010South Africa
100%
1982Spain
100%
1994United States
100%
1978Argentina
98%
1930Uruguay
98%
1966England
95%
2022Qatar
93%
1958Sweden
91%
1962Chile
88%
1954Switzerland
74%
1974West Germany
65%
2002Japan & South Korea
51%
2026Canada, Mexico & United States
5%
1946WWII
5%
1942WWII
5%

Score Distribution

Percentile by Number Answered

Percent of People with Each Score

Your Score History

You have not taken this quiz